[Event "ESP-ch U12"]
[Site "Salobrena"]
[Date "2023.07.14"]
[Round "8"]
[White "Hernandez Morales, Adriel"]
[Black "Prieto Rol, Esther"]
[Result "1/2-1/2"]
[WhiteElo "1348"]
[BlackElo "1465"]
[PlyCount "124"]
[EventDate "2023.07.10"]
[EventType "swiss"]
[EventRounds "9"]
[EventCountry "ESP"]
[SourceTitle "EXT 2024"]
[Source "ChessBase"]
[SourceDate "2023.10.10"]
[SourceVersion "1"]
[SourceVersionDate "2023.10.10"]
[SourceQuality "1"]

1. e4 c5 2. Nf3 d6 3. d4 cxd4 4. Nxd4 Nf6 5. Nc3 Nc6 6. f3 e5 7. Nb3 Be6 8. Be3 d5 9. exd5 Nxd5 10. Nxd5 Qxd5 11. Qxd5 Bxd5 12. Bb5 Be7 13. Rd1 Be6 14. Nc5 Bxc5 15. Bxc5 Rc8 16. Bxa7 0-0 17. Bc5 Rfd8 18. Bxc6 Rxd1+ 19. Kxd1 Rxc6 20. Be3 Bxa2 21. b3 Bb1 22. c4 Bf5 23. Kd2 Rd6+ 24. Kc1 Ra6 25. Kb2 Kf8 26. Bc5+ Ke8 27. Rd1 Rg6 28. g3 Rc6 29. Ba3 Rh6 30. Rd2 Rf6 31. Re2 Be6 32. Rxe5 Rxf3 33. Re2 Kd7 34. Rd2+ Ke8 35. Bd6 f6 36. Bc5 Kf7 37. Rf2 Rxf2+ 38. Bxf2 Kg6 39. Kc3 Kg5 40. h4+ Kg4 41. Kd2 Kf3 42. Be1 h5 43. Kc3 g5 44. hxg5 fxg5 45. b4 g4 46. c5 Ke2 47. Bd2 Kf3 48. Be1 Bd7 49. Kc4 Be6+ 50. Kd4 Bf5 51. Ke5 Bg6 52. Kf6 Be8 53. Ke7 Bc6 54. Kf6 Bb5 55. Kg5 Be8 56. Kf6 Ke2 57. Bc3 Kf3 58. Be1 Bb5 59. Kg5 Be8 60. Kf6 Bb5 61. Kg5 Be8 62. Kf6 Ke4 1/2-1/2

[Event "ESP-ch U12"]
[Site "Salobrena"]
[Date "2023.07.13"]
[Round "6"]
[White "Hernandez Morales, Adriel"]
[Black "Perez Fernandez, Arys"]
[Result "0-1"]
[WhiteElo "1348"]
[BlackElo "1470"]
[PlyCount "138"]
[EventDate "2023.07.10"]
[EventType "swiss"]
[EventRounds "9"]
[EventCountry "ESP"]
[SourceTitle "EXT 2024"]
[Source "ChessBase"]
[SourceDate "2023.10.10"]
[SourceVersion "1"]
[SourceVersionDate "2023.10.10"]
[SourceQuality "1"]

1. e4 e5 2. Nf3 Nc6 3. Bc4 Bc5 4. Nc3 Nf6 5. d3 d6 6. 0-0 Bg4 7. Be3 Nd4 8. Bxd4 Bxd4 9. Rb1 a6 10. a3 0-0 11. Nd5 Nxd5 12. Bxd5 c6 13. Ba2 Bb6 14. h3 Be6 15. Bxe6 fxe6 16. Qd2 Qf6 17. Qb4 Qd8 18. Qb3 Rf6 19. Ng5 d5 20. Nf3 Qc7 21. Rbe1 Raf8 22. Qc3 d4 23. Qd2 Rg6 24. Nh2 Qe7 25. Kh1 Qh4 26. Qe2 Rgf6 27. Qg4 Qxg4 28. Nxg4 R6f7 29. f3 Bc7 30. Rf2 h5 31. Nh2 Bd8 32. Rfe2 Ba5 33. Rd1 c5 34. Nf1 Rc8 35. Nd2 Bxd2 36. Rexd2 Rfc7 37. b3 b5 38. Kg1 a5 39. Rb1 Rb7 40. Kf2 Kf7 41. Ke2 Ke7 42. Kd1 Rcb8 43. Rf2 a4 44. b4 Rc7 45. Kc1 g5 46. Kb2 cxb4 47. axb4 h4 48. Ka3 Rbc8 49. Rb2 Rc3+ 50. Ka2 a3 51. Rb1 Rxc2+ 52. Rxc2 Rxc2+ 53. Kxa3 Rxg2 54. Rc1 Rd2 55. Rc5 Rxd3+ 56. Kb2 Rxf3 57. Rxb5 Rxh3 58. Rc5 Rh2+ 59. Kb3 d3 60. b5 d2 61. Kc2 g4 62. b6 g3 63. Rc7+ Kf6 64. Rc8 g2 65. b7 d1Q+ 66. Kc3 Qe1+ 67. Kb3 Rh3+ 68. Kb2 Qb4+ 69. Kc2 Qxb7 0-1